[Event "Almansa op-A 12th"]
[Site "Almansa"]
[Date "2017.08.02"]
[Round "2"]
[White "Gimenez Menchon, Cesar"]
[Black "Donadio Falcon, Pablo"]
[Result "1-0"]
[WhiteElo "2167"]
[BlackElo "1885"]
[PlyCount "43"]
[EventDate "2017.08.01"]
[EventType "swiss"]
[EventRounds "9"]
[EventCountry "ESP"]
[SourceTitle "CBM 179 Extra"]
[Source "ChessBase"]
[SourceDate "2017.08.23"]
[SourceVersion "1"]
[SourceVersionDate "2017.08.23"]
[SourceQuality "1"]

1. e4 c5 2. c3 d5 3. exd5 Qxd5 4. d4 cxd4 5. cxd4 e6 6. Nf3 Nf6 7. Nc3 Qd8 8. Bd3 Be7 9. 0-0 0-0 10. Bb1 Nc6 11. a3 b6 12. Qd3 g6 13. Bh6 Re8 14. Ba2 Ng4 15. Bf4 Bd6 16. Qd2 a6 17. Rad1 Ne7 18. Ne4 Nf5 19. h3 Bxf4 20. Qxf4 Nf6 21. Nxf6+ Qxf6 22. g4 1-0

[Event "ESP-ch U18"]
[Site "Salobrena"]
[Date "2015.07.29"]
[Round "4"]
[White "Donadio Falcon, Pablo"]
[Black "Ferreiro Diaz, Miguel"]
[Result "0-1"]
[WhiteElo "1737"]
[BlackElo "1897"]
[PlyCount "46"]
[EventDate "2015.07.27"]
[EventType "swiss"]
[EventRounds "9"]
[EventCountry "ESP"]
[SourceTitle "EXT 2016"]
[Source "ChessBase"]
[SourceDate "2015.10.08"]
[SourceVersion "1"]
[SourceVersionDate "2015.10.08"]
[SourceQuality "1"]

1. e4 d5 2. exd5 Nf6 3. Bb5+ Nbd7 4. c4 a6 5. Bxd7+ Qxd7 6. d3 e6 7. dxe6 Qxe6+ 8. Qe2 Qxe2+ 9. Kxe2 Bf5 10. Nf3 0-0-0 11. Rd1 Bc5 12. Be3 Rhe8 13. d4 Bd6 14. h3 Nh5 15. Kf1 Ng3+ 16. Kg1 Bb4 17. a3 Bc2 18. axb4 Bxd1 19. Nbd2 Bc2 20. Re1 Nf5 21. b3 Nxd4 22. Nxd4 Rxd4 23. Rc1 Rxe3 0-1

[Event "Castilla La Mancha Region U18"]
[Site "Horche"]
[Date "2015.03.27"]
[Round "1.7"]
[White "Donadio Falcon, Pablo"]
[Black "Serrano Gallen, Guiomar"]
[Result "1-0"]
[WhiteElo "1763"]
[BlackElo "1254"]
[PlyCount "45"]
[EventDate "2015.03.27"]
[EventType "swiss"]
[EventRounds "6"]
[EventCountry "ESP"]
[SourceTitle "EXT 2024"]
[Source "ChessBase"]
[SourceDate "2023.10.10"]
[SourceVersion "1"]
[SourceVersionDate "2023.10.10"]
[SourceQuality "1"]

1. e4 e6 2. d3 d5 3. Nd2 dxe4 4. dxe4 e5 5. Ngf3 Nc6 6. Bb5 Bd7 7. 0-0 Nf6 8. c3 Bc5 9. Bxc6 Bxc6 10. Nxe5 Bxe4 11. Qa4+ c6 12. Nxe4 Nxe4 13. Qxe4 0-0 14. Nf3 Qf6 15. Qc2 Rad8 16. Bg5 Qe6 17. Bxd8 Rxd8 18. Rfe1 Qh6 19. Rad1 Rxd1 20. Qxd1 g6 21. Qd2 Qg7 22. Re8+ Bf8 23. Qd8 1-0

[Event "Benidorm U16 op 9th"]
[Site "Benidorm"]
[Date "2013.12.06"]
[Round "3"]
[White "Donadio Falcon, Pablo"]
[Black "Perez Garcia, Alejandro"]
[Result "0-1"]
[WhiteElo "1577"]
[BlackElo "1990"]
[PlyCount "66"]
[EventDate "2013.12.05"]
[EventType "swiss"]
[EventRounds "6"]
[EventCountry "ESP"]
[SourceTitle "EXT 2015"]
[Source "ChessBase"]
[SourceDate "2014.11.20"]
[SourceVersion "1"]
[SourceVersionDate "2014.11.20"]
[SourceQuality "1"]

1. e4 c5 2. Nf3 Nc6 3. d4 cxd4 4. Nxd4 g6 5. c4 Bg7 6. Be3 Nf6 7. Nc3 0-0 8. Be2 d6 9. 0-0 Bd7 10. Qd2 Nxd4 11. Bxd4 Bc6 12. f3 a5 13. Rfd1 Nd7 14. Be3 Nc5 15. Rac1 a4 16. Rc2 Qb6 17. Nd5 Bxd5 18. cxd5 Rfc8 19. Rdc1 Qd8 20. Qb4 a3 21. b3 Bb2 22. Rd1 Na6 23. Qd2 Rxc2 24. Qxc2 Nb4 25. Qb1 Rc8 26. Bd2 Qb6+ 27. Kh1 Rc2 28. Bxb4 Rxe2 29. Be1 Qe3 30. Bg3 Bd4 31. Re1 Rb2 32. Qd1 Qd2 33. Qxd2 Rxd2 0-1